zpět

Detail výsledku týmu

Harry, Brno

Datum a čas kvízu

22 Celkem bodů Celkový počet nahraných bodů na tomto kvízu bez doplňovacích otázek.
17. Pořadí na kvízu Konečné umístění týmu na tomto kvízu.

Zaznamenané odpovědi

# Otázka Odpověď Body Výsledky
1. Ve středu se uskutečnilo letoš... Jablonec nad Nisou 0
2. Humanoidní robot Muhammad na v... osahával ženu 1
3. Jak se nazývá soutěžní reality... Peče celá země 1
4. Automobilka Škoda představila... Epiq 0
5. Pokolikáté zvítězil fenomenáln... popáté (4 a 6 za půl bodu) 1
6. Téma začneme v Evropě. Seřaďte... 1C 2D 3A 4B 0
7. V souvislosti s Che Guevarou s... v Argentině 0
8. Které z těchto zvířat nežije p... A 1
9. Celkově kolikátou nejlidnatějš... 4. nejlidnatější 0
10. Jak se jmenuje ostrovní stát,... Tonga 0